000 01015cam a2200325 a 4500
001 3070791
003 OSt
005 20140310182648.0
008 970507s1998 caua 001 0 eng
010 _a 97020527
020 _a0071210989
040 _aDLC
_cDLC
_dDLC
050 0 0 _aBF 441
_b.M821 2001
082 0 0 _aM 160
_221
_bM78 2001
100 1 _aMoore, Brooke Noel.
245 1 0 _aCritical thinking
_cMoore, Brooke Noel
250 _a6th ed.
260 _aMountain View, Calif.
_bMayfield Pub. Co.
_cc2001
300 _axiii, 578 p.
_bill.
_c24 cm.
500 _aIncludes index.
521 _aCollege Students
526 _c1210L to 1700L
541 _j1
562 _eFor Circulation. 1 Copy in the collection
650 0 _aCritical thinking.
700 1 _aParker, Richard
_q(Richard B.).
906 _a7
_bcbc
_corignew
_d1
_eocip
_f19
_gy-gencatlg
942 _2lcc
_cBK
_kM
999 _c15082
_d15082